000 00281nam a22001337a 4500
008 170407b xxu||||| |||| 00| 0 eng d
020 _a9780721601946
041 _aeng
080 _22 ED
_a616
100 _a9
101 _aSHM
245 _aPATHOLOGY
_cKUMAR.K
942 _2udc
_cBK
999 _c10272
_d10272